| 000 | 00836ntm a22002297a 4500 | ||
|---|---|---|---|
| 005 | 20170813145920.0 | ||
| 008 | 170802s2010 xx a frb 000 0 eng d | ||
| 040 |
_aEG-ScBUE _beng _cEG-ScBUE |
||
| 082 | 0 | 4 |
_222 _a624 _bALI |
| 100 | 1 | _aAli, Mohamed Ashraf. | |
| 245 | 1 | 0 |
_aRisk management as an approach for reducing project cost : _ba contractor's perspective / _cMohamed Ashraf Ali. |
| 260 | _c2010. | ||
| 300 |
_avii, 75 p. : _bill. ; _c28 cm. |
||
| 500 | _aA dissertation submitted to The Faculty of Engineering, The British University In Egypt, in partial fulfillment of the requirement for the bachelor degree in Civil engineering. | ||
| 590 | _aNour | ||
| 650 | 7 |
_2BUEsh _vProjects _aCivil engineering |
|
| 653 |
_bENGCIV _cAugust2017 |
||
| 655 | _vSPRO | ||
| 700 | 1 |
_aOthman, A. A. E. _eths |
|
| 777 | _ASPRO | ||
| 942 | _2ddc | ||
| 999 |
_c25124 _d25096 |
||